000 00321nam a22001457a 4500
008 210521b ||||| |||| 00| 0 eng d
020 _a9780070111332
041 _aeng
080 _a72
082 _a72
100 _a41
101 _aARK
245 _aArchitectural Perspective Grids
_cJohn Ch. Aia
942 _2udc
_cBK
999 _c57556
_d57556